| 000 | 00933 a2200157 4500 | ||
|---|---|---|---|
| 003 | Nust | ||
| 005 | 20170207154113.0 | ||
| 040 | _cNust | ||
| 082 | _a355.02 | ||
| 100 | _aMajor-General J.F.C. Fuller | ||
| 245 |
_aThe Conduct of War 1789-1961 _cMajor-General J.F.C. Fuller |
||
| 260 |
_alondon _bMethuen _c1986 |
||
| 300 | _a852p; | ||
| 505 | _aThe Limited Wars of the Absolute Kings (Page-15) The Rebirth of Unlimited War (Page-26) Napoleonic Warfare (Page-42) The Theories of Clausewitz (Page-59) The Influences of the Industrial Revolution (page-77) Vi The American Civil War 1861-1865 (Page-95) Moltke , Foch and Bloch (Page-118) The Roots of Armageddon (Page-131) The Conduct of World War (Page-151) Lenin and the Russian Revolution (Page-183) Soviet Revolutionary Warfare (Page-202) The Twenty Years Armistice (Page-217) The Conduct of World War ii (Page-248) The Problem of Peace (Page-310) | ||
| 538 | _aAlmirah No.52, Shelf No.6 | ||
| 942 |
_2ddc _cBK |
||
| 999 |
_c193939 _d193939 |
||